[Event "BCF-ch U12"]
[Site "Coventry"]
[Date "2015.08.06"]
[Round "6"]
[White "Guha, Chirag"]
[Black "Gelain Sohn, Emmanuelle"]
[Result "1-0"]
[WhiteElo "1654"]
[BlackElo "1482"]
[PlyCount "97"]
[EventDate "2015.08.02"]
[EventType "swiss"]
[EventRounds "7"]
[EventCountry "ENG"]
[SourceTitle "CBM 167 Extra"]
[Source "ChessBase"]
[SourceDate "2015.09.14"]
[SourceVersion "1"]
[SourceVersionDate "2015.09.14"]
[SourceQuality "1"]

1. Nf3 d5 2. d4 c6 3. c4 Nf6 4. g3 Bf5 5. Nc3 e6 6. Bg2 Be7 7. 0-0 h6 8. Re1 0-0 9. Ne5 Nbd7 10. f4 Re8 11. e4 dxe4 12. Nxe4 Nxe4 13. Bxe4 Bxe4 14. Rxe4 Nxe5 15. fxe5 Qd7 16. Qg4 Kh7 17. Qf3 Rf8 18. Qd3 Kg8 19. Bd2 Rad8 20. Rf1 c5 21. Rg4 Kh8 22. Bc3 cxd4 23. Bxd4 Bc5 24. Rd1 Qc7 25. Re4 Rxd4 26. Rxd4 Rd8 27. Qe3 Bxd4 28. Rxd4 b6 29. b3 Kg8 30. Kf2 Rd7 31. Rxd7 Qxd7 32. Kf3 g5 33. h4 Qc6+ 34. Kg4 gxh4 35. Qxh6 hxg3 36. Kxg3 Qe4 37. Qf4 Qxf4+ 38. Kxf4 Kf8 39. Kg5 Kg7 40. b4 Kf8 41. Kf6 Ke8 42. c5 bxc5 43. bxc5 a5 44. c6 a4 45. c7 Kd7 46. Kxf7 a3 47. c8Q+ Kxc8 48. Ke7 Kc7 49. Kf7 1-0